Państwa, które zdobyły punkty w PŚ w skokach narciarskich A-Z - Statystyki

Ogólne statystyki
  • Ten quiz został rozwiązany 114 razy
  • Średni wynik to 15 z 16
Statystyki odpowiedzi
Liczba
państw
Litera Odpowiedź % Poprawnych
2 F Finlandia | Francja
100%
3 N Niemcy | Norwegia | NRD
100%
1 P Polska
100%
5 S Słowacja | Słowenia | Stany Zjednoczone | Szwajcaria | Szwecja
100%
2 C Czechosłowacja | Czechy
99%
2 R Rosja | Rumunia
99%
3 W Węgry | Włochy | Wspólnota Niepodległych Państw
99%
2 B Białoruś | Bułgaria
98%
1 A Austria
97%
2 H Hiszpania | Holandia
97%
2 J Japonia | Jugosławia
97%
3 K Kanada | Kazachstan | Korea Południowa
97%
1 E Estonia
96%
1 T Turcja
95%
1 U Ukraina
92%
1 Z ZSRR
62%
Nie znaleziono quizów pasujących do podanych kryteriów
Rozkład punktacji
Procent ludzi z każdym wynikiem
Percentyl według liczby udzielonych odpowiedzi
Twoja historia wyników
Nie rozwiązałeś tego quizu